Capocannonieri della Serie A - Morte improvvisa - Statistics

Statistiche generali
  • Questo quiz è stato fatto 734 volte
  • Il punteggio medio è 9 su 18
Answers on the Grid
Answers color-coded by a green-red scale on the quiz's grid according to % correct below.
Lautaro Martinez
Victor Osimhen
Ciro Immobile
Cristiano Ronaldo
Fabio Quagliarella
Mauro Icardi
Edin Džeko
Edinson Cavani
Zlatan Ibrahimović
Antonio Di Natale
Alessandro Del Piero
Francesco Totti
Luca Toni
Diego Armando Maradona
Andrij Shevchenko
David Trezeguet
Christian Vieri
Hernán Crespo
Roberto Baggio
Alberto Gilardino
Vincenzo Montella
Paulo Dybala
Duván Zapata
Andrea Belotti
Antonio Cassano
Sergio Pellissier
Fabrizio Miccoli
Luis Muriel
Tommaso Rocchi
Josip Iličić
 
Statistiche sulle risposte
Risposta % Corretto
Ciro Immobile
66%
Cristiano Ronaldo
61%
Francesco Totti
59%
Luca Toni
59%
Fabio Quagliarella
58%
Mauro Icardi
58%
Lautaro Martinez
55%
Antonio Di Natale
53%
Victor Osimhen
53%
Alessandro Del Piero
51%
Zlatan Ibrahimović
45%
Christian Vieri
44%
Andrij Shevchenko
42%
Edin Džeko
42%
Edinson Cavani
38%
David Trezeguet
33%
Hernán Crespo
19%
Diego Armando Maradona
17%
Nessun quiz corrispondente trovato
Distribuzione punteggi
Percentuale di utenti per punteggio
Percentile per numero di risposta
I tuoi punteggi nel tempo
Non hai fatto questo quiz